000 00320nam a22001457a 4500
008 230907b ||||| |||| 00| 0 eng d
020 _a9780632043842
041 _aeng
080 _2SECOND EDITION
_a573
082 _a573RID
100 _a16
101 _aBIOLOG
245 _aEVOLUTION
_cRIDLEY.M
942 _2udc
_cBK
999 _c60301
_d60301